|
|
|
|
| LEADER |
00827nam a22002291 4500 |
| 001 |
c000370788 |
| 003 |
CARM |
| 005 |
00000000000000.0 |
| 008 |
851211s1964 enk 00000 eng d |
| 019 |
1 |
|
|a 4181506
|z 40769347
|5 LACONCORD2021
|
| 035 |
|
|
|a (OCoLC)2747997
|5 LACONCORD2021
|
| 040 |
|
|
|d NU
|
| 100 |
1 |
|
|a Tourneur, Cyril,
|d 1575?-1626.
|
| 245 |
1 |
4 |
|a The atheist's tragedy :
|b or, The honest man's revenge /
|c by C.Tourneur. Ed. by I.Ribner.
|
| 260 |
|
|
|a Lond. :
|b Methuen,
|c 1964.
|
| 300 |
|
|
|a lxvi, 131 p.
|
| 490 |
0 |
|
|a The Revels plays
|
| 700 |
1 |
|
|a Ribner, Irving.
|
| 852 |
8 |
|
|b CARM
|h A1:AM26F0
|i B09620
|p 0435326
|f BK
|
| 082 |
0 |
4 |
|a 822.3
|
| 999 |
f |
f |
|i f7a00c00-c09b-5c1a-8965-a371111f2ed0
|s 48402e9d-6755-5cd3-a2fb-680b89ee30e9
|
| 952 |
f |
f |
|p Can circulate
|a CAVAL
|b CAVAL
|c CAVAL
|d CARM 1 Store
|e B09620
|f A1:AM26F0
|h Other scheme
|i book
|m 0435326
|